000 00650nam a22002177a 4500
005 20170124110001.0
010 _aA-897947
020 _c00.00
_a8120719484
035 _aA-897947
037 _bCen Lib/Ret
040 _aDPL
_bEN
082 _a362.28
_bSHO
100 _aShourie, H. D
_973422
245 _aLife's finale voluntary exit /
_cby H. D. Shourie
260 _aNew Delhi
_bSterling Publishers
_c1997
270 _a L-10, Green Park Extension
_bNew Delhi
_e110016
300 _axi,95p.
_c21cmHb)
650 _aSocial problem
_9241
650 _aMeasures for self-deliverance
_973423
942 _2ddc
_cEN
_h362.28
_mSHO
999 _c125897
_d125897